|
|
|
|
| LEADER |
00986nam a2200289 a 4500 |
| 001 |
2597581 |
| 008 |
110420s1998 mau 001 0 eng d |
| 010 |
|
|
|a 97018531
|
| 020 |
|
|
|a 0205269184
|
| 020 |
|
|
|a 0205269176
|
| 040 |
|
|
|a DLC
|c DLC
|d DLC
|d BD-DhAALsdsdx
|
| 082 |
0 |
0 |
|a 808/.0427
|2 21
|
| 100 |
1 |
|
|a Ramage, John D.
|
| 245 |
1 |
0 |
|a Writing arguments :
|b a rhetoric with readings /
|c John D. Ramage, John C. Bean.
|
| 250 |
|
|
|a 4th ed.
|
| 260 |
|
|
|a Boston :
|b Allyn and Bacon,
|c 1998.
|
| 300 |
|
|
|a xxvii, 463 p. ;
|c 24 cm.
|
| 500 |
|
|
|a Includes index.
|
| 541 |
|
|
|e 00009395
|
| 650 |
|
0 |
|a English language
|x Rhetoric.
|
| 650 |
|
0 |
|a Persuasion (Rhetoric)
|
| 650 |
|
0 |
|a College readers.
|
| 650 |
|
0 |
|a Report writing.
|
| 700 |
1 |
|
|a Bean, John C.
|
| 852 |
4 |
|
|a Ayesha Abed Library
|j General shelf
|
| 999 |
|
|
|c 10759
|d 10759
|
| 952 |
|
|
|0 0
|1 0
|2 ddc
|4 0
|6 808_042700000000000_RAM
|7 0
|9 16179
|a BRACUL
|b BRACUL
|c GEN
|d 2011-04-21
|l 3
|m 33
|o 808.0427 RAM
|p 3010009395
|r 2025-09-05
|s 2025-08-18
|t 1
|w 2011-04-21
|y BK
|